Pricing, Valuation and Systems Essays in Neoinstitutional Economics

Enregistré dans:
Détails bibliographiques
Auteur principal: Tool, Marc R.
Format: Livre
Langue:anglais
Publié: Croft Road Edward Elgar Publ. 1995
Édition:1. ed.
Sujets:
Tags: Ajouter un tag
Pas de tags, Soyez le premier à ajouter un tag!

MARC

LEADER 00000nam a2200000 4500
001 c020113
005 20221205133420.6
020 |a 1-85278-976-X 
041 0 |a eng 
044 |a GB 
245 1 0 |a Pricing, Valuation and Systems  |b Essays in Neoinstitutional Economics  |c Marc R. Tool 
250 |a 1. ed. 
264 1 |a Croft Road  |b Edward Elgar Publ.  |c 1995 
300 |a 243 s. 
610 2 0 |a inštitucionalizmus 
610 2 0 |a neoinštitucionalizmus 
610 2 0 |a tvorba cien 
610 2 0 |a oceňovanie 
610 2 0 |a systémy ekonomické 
610 2 0 |a analýza systémov 
100 1 |a Tool, Marc R.